| 000 | 01934nam a2200505 c 4500 | ||
|---|---|---|---|
| 100 |
_aДушков, Живодар Иванов _eпърви автор _9368890 |
||
| 999 |
_c166901 _d166901 |
||
| 003 | BLK | ||
| 005 | 20230804005144.0 | ||
| 008 | 180411b bul|||||r ||||||| ||bul|| | ||
| 010 | _aKNG00174666000 | ||
| 020 | _a978-619-207-002-1 | ||
| 040 | _aBLK | ||
| 041 |
_aBUL _cBUL |
||
| 072 | 7 |
_2bullib _aН70 _xИзкуства Н |
|
| 072 | 7 |
_2bullib _aК _xКраезнание |
|
| 072 | 7 |
_2bullib _aРА _xРусенски автори |
|
| 080 |
_aИстория на театъра. Периоди и стилове _b792.03 _x(497.215) _z792.03(497.215) |
||
| 080 |
_aТеатрални професии. Театрален говор _b792.07 _x(497.215)(092) _z792.07(497.215)(092) |
||
| 080 |
_aБиографии _b929 _x(497.215) _z929(497.215) |
||
| 139 |
_aДушков, Живодар Иванов _bД 94 |
||
| 245 | 1 | 0 |
_aТеатрална книжица _cЖиводар Иванов Душков. |
| 257 | _aBGR | ||
| 260 |
_bМедиатех _c2015 _fРусе : РУ А. Кънчев |
||
| 300 |
_a88 с. _bсъс сн., факс. _c26Х12 см |
||
| 380 | _a7 | ||
| 500 | _aБиблиогр. с. 86 и под линия. | ||
| 650 | 4 |
_aТеатри - Русе _9245154 |
|
| 650 | 4 |
_aТеатрални дейци - Русе _9337303 |
|
| 651 | 4 |
_aРусе _9179462 |
|
| 651 | 4 |
_aБългария _9241624 |
|
| 653 | _aДраматичен театър Сава Огнянов | ||
| 653 | _aтеатри | ||
| 653 | _aтеатрални дейци | ||
| 653 | _aпублицистика | ||
| 659 | _aК | ||
| 659 | _aН | ||
| 852 | _aЦб ІІ 20490 | ||
| 852 | _aК 792/Д 94 Ж | ||
| 856 | 4 | _qpdf | |
| 856 | 4 | _qpdf | |
| 942 |
_cKNG _n0 _s1 |
||
| 944 |
_aCR _c28.04.2015 _lCRON CRON _k |
||
| 944 |
_aED _c16.09.2015 _lф / _kВиолета_Тройчева |
||
| 999 | _d166901 | ||